Assassin's Creed-Les jeux de la série principale - Statistiques

Statistiques générales
  • Ce quiz a été pris 235 fois
    23 depuis la dernière actualisation
  • Le résultat moyen est 12 sur 14
Statistiques - réponses
Réponse % Correct
Assassin's Creed
95%
Assassin's Creed IV: Black Flag
90%
Assassin's Creed Odyssey
90%
Assassin's Creed Origins
90%
Asassin's Creed Valhalla
86%
Assassin's Creed II
86%
Assassin's Creed III
86%
Assassin's Creed Shadows
86%
Assassin's Creed Unity
86%
Assassin's Creed: Brotherhood
81%
Assassin's Creed Syndicate
81%
Assassin's Creed: Revelations
76%
Assasin's Creed Mirage
71%
Assassin's Creed: Rogue
71%
Aucun quiz correspondant
Distribution des résultats
% des personnes avec chaque résultat
Percentile par nombre de réponses
Votre historique - résultats
Vous n’avez pas pris ce quiz depuis la dernière actualisation